| 000 | 00632nam a22002177a 4500 | ||
|---|---|---|---|
| 005 | 20240208115219.0 | ||
| 008 | 240203b |||||||| |||| 00| 0 eng d | ||
| 020 |
_a9788184574869 _cRs.595.00 |
||
| 040 | _aLoreto College | ||
| 041 | _aEnglish | ||
| 082 |
_a378.03 _bSHA |
||
| 100 | _aSharma, Madhulika | ||
| 245 |
_aDistance education and open learning _bPlanning and management _cMadhulika Sharma |
||
| 260 |
_aNew Delhi _bKanishka Publishers _c2013 |
||
| 300 |
_a190p. _b21cm. |
||
| 504 | _aIncludes bibliography and index | ||
| 650 | _aDistance education | ||
| 650 | _aOpen learning | ||
| 850 | _aLCLIB | ||
| 942 | _cBK | ||
| 999 |
_c43622 _d94101 |
||